Southville International School and Colleges
Your cart is empty.
  • Cart
  • Lists
    Public lists list_1 View all
    Your lists Log in to create your own lists
  • Log in to your account
  • Your cookies
  • Search history
Southville International School and Colleges
  • Advanced search
  • Recent comments
  • Most popular
  • Libraries

Log in to your account

Log in with GOOGLE


If you do not have an external account, but do have a local account, you can still log in:

  1. Home
  2. MARC view: Book of Pinoy :
Normal view MARC view ISBD view

Book of Pinoy : (Record no. 357996)

[ view plain ]
MARC details
000 -LEADER
fixed length control field 00540nam a2200229Ia 4500
003 - CONTROL NUMBER IDENTIFIER
control field SMC
005 - DATE AND TIME OF LATEST TRANSACTION
control field 20180926131634.0
008 - FIXED-LENGTH DATA ELEMENTS--GENERAL INFORMATION
fixed length control field 180620s9999 xx 000 0 und d
020 ## - INTERNATIONAL STANDARD BOOK NUMBER
International Standard Book Number 971-08-6326-6
050 ## - LIBRARY OF CONGRESS CALL NUMBER
Classification number REF AG 243
050 ## - LIBRARY OF CONGRESS CALL NUMBER
Item number .D45 2004 c.2
100 ## - MAIN ENTRY--PERSONAL NAME
Personal name Dela Cruz, Juan.
245 #0 - TITLE STATEMENT
Title Book of Pinoy :
245 #0 - TITLE STATEMENT
Remainder of title facts and records /
245 #0 - TITLE STATEMENT
Statement of responsibility, etc Juan Dela Cruz
260 ## - PUBLICATION, DISTRIBUTION, ETC. (IMPRINT)
Place of publication, distribution, etc Mandaluyong City :
260 ## - PUBLICATION, DISTRIBUTION, ETC. (IMPRINT)
Name of publisher, distributor, etc National Bookstore
260 ## - PUBLICATION, DISTRIBUTION, ETC. (IMPRINT)
Date of publication, distribution, etc 2003
300 ## - PHYSICAL DESCRIPTION
Extent 282 pages :
300 ## - PHYSICAL DESCRIPTION
Dimensions 18 cm.
942 ## - ADDED ENTRY ELEMENTS (KOHA)
Source of classification or shelving scheme Library of Congress Classification
Koha item type Books
Holdings
Withdrawn status Lost status Source of classification or shelving scheme Damaged status Home library Current library Shelving location Date acquired Source of acquisition Cost, normal purchase price Total Checkouts Full call number Barcode Date last seen Price effective from Koha item type
    Library of Congress Classification   South Mansfield College South Mansfield College Reference Section 03/07/2005 Donation 155.00   REF AG 243 .D45 2004 c.2 SMC00324 06/20/2018 06/20/2018 Books

Book of Pinoy :

APA

Dela Cruz J., .Book of Pinoy. Mandaluyong City: .

Chicago

Dela Cruz Juan, .Book of Pinoy. Mandaluyong City: .

Harvard

Dela Cruz J., .Book of Pinoy. Mandaluyong City: .

MLA

Dela Cruz Juan, .Mandaluyong City: . .

  • Place hold
  • Print
  • Cite
  • Add to your cart (remove)
  • Save record
    BIBTEX Dublin Core MARCXML MARC (non-Unicode/MARC-8) MARC (Unicode/UTF-8) MARC (Unicode/UTF-8, Standard) MODS (XML) RIS
  • More searches
    Search for this title in:
    Other Libraries (WorldCat) Other Databases (Google Scholar) Online Stores (Bookfinder.com) Open Library (openlibrary.org)

Exporting to Dublin Core...

SOUTHVILLE LIBRARY

Southville International School and Colleges Library

1281 Tropical Ave. Cor. Luxembourg St., BF Homes International, Las Pinas City

Tel. No. 8256374 / 252358 Loc. 117/146

Powered by Koha